Normal view
MARC view
Entry Topical Term
001 - CONTROL NUMBER
- control field: 4388
003 - CONTROL NUMBER IDENTIFIER
- control field: ARRUPE
005 - DATE AND TIME OF LATEST TRANSACTION
- control field: 20131129110444.0
008 - FIXED-LENGTH DATA ELEMENTS
- fixed length control field: 131129|| aca||aabn | a|a d
040 ## - CATALOGING SOURCE
- Original cataloging agency: ARRUPE
- Transcribing agency: ARRUPE
150 ## - HEADING--TOPICAL TERM
- Topical term or geographic name as entry element: Mandates - Africa; Indigenous people - Africa; Germany - Colonies - Africa; Germany - Colonies - Administration
670 ## - SOURCE DATA FOUND
- Source citation: Work cat.: (ARRUPE): Steer, George Lowther 4387, A Study of Germany's claims in South-West Africa, 1938